[Event "II Torneo C.V.A. A"]
[Site "Arvier ITA"]
[Date "2005.04.18"]
[Round "1"]
[White "Traversi, Carlo"]
[Black "Corke, Anya S."]
[Result "0-1"]
[WhiteElo "1820"]
[BlackElo "2138"]
[PlyCount "64"]
[EventDate "2005.04.18"]

1. e4 c5 2. Nc3 Nc6 3. g3 g6 4. Bg2 Bg7 5. Nge2 d6 6. d3 e6 7. O-O Nge7 8. Be3
Nd4 9. Rb1 O-O 10. Qd2 Rb8 11. Nd1 b5 12. c3 Nxe2+ 13. Qxe2 b4 14. Qc2 a5 15.
b3 Ba6 16. c4 Nc6 17. Qd2 Nd4 18. Bxd4 Bxd4 19. Kh1 Bb7 20. Ne3 Bc6 21. f4 Qe7
22. Nc2 Bc3 23. Qe2 a4 24. Ne3 axb3 25. axb3 Ra8 26. f5 exf5 27. Nd5 Bxd5 28.
cxd5 Ra3 29. Qf3 fxe4 30. Qxe4 Qxe4 31. dxe4 Rfa8 32. h3 Ra2 0-1

[Event "II Torneo C.V.A. A"]
[Site "Arvier ITA"]
[Date "2005.04.18"]
[Round "1"]
[White "Virzi, Ettore"]
[Black "Ronchetti, Niccolo'"]
[Result "0-1"]
[WhiteElo "1972"]
[BlackElo "2364"]
[PlyCount "66"]
[EventDate "2005.04.18"]

1. e4 c5 2. Nf3 Nc6 3. d4 cxd4 4. Nxd4 Nf6 5. Nc3 e5 6. Ndb5 d6 7. Nd5 Nxd5 8.
exd5 Nb8 9. c4 Be7 10. Bd3 O-O 11. O-O f5 12. f3 a6 13. Nc3 Bg5 14. Qe2 Nd7 15.
Bxg5 Qxg5 16. b4 e4 17. fxe4 f4 18. e5 Nxe5 19. Ne4 Qg6 20. Nc5 Qh6 21. Ne6
Bxe6 22. dxe6 Qxe6 23. Be4 Qe7 24. Bd5+ Kh8 25. Qe4 g5 26. Rae1 Rae8 27. Bxb7
Rb8 28. Bxa6 Qa7+ 29. c5 Qxa6 30. cxd6 Qb6+ 31. Kh1 Nf7 32. d7 Qxb4 33. Rb1
Qxe4 0-1

[Event "II Torneo C.V.A. A"]
[Site "Arvier ITA"]
[Date "2005.04.18"]
[Round "1"]
[White "Vrban, Damir"]
[Black "Greevenbosch, Cornelis"]
[Result "1-0"]
[WhiteElo "2131"]
[BlackElo "1794"]
[PlyCount "89"]
[EventDate "2005.04.18"]

1. f4 Nf6 2. Nf3 d5 3. g3 g6 4. Bg2 Bg7 5. O-O O-O 6. d3 c5 7. c3 Nc6 8. Na3
Re8 9. Nh4 e6 10. Kh1 b6 11. Qa4 Bb7 12. e4 d4 13. e5 Nd5 14. Nb5 Bf8 15. cxd4
a6 16. Nc3 Nxd4 17. Ne4 Be7 18. Nf3 Nxf3 19. Bxf3 b5 20. Qd1 Qb6 21. a3 Red8
22. Qe2 Rac8 23. g4 c4 24. dxc4 Rxc4 25. f5 exf5 26. gxf5 Rxc1 27. Rfxc1 Nf4
28. Qf1 Nd3 29. Rc2 Nxe5 30. Bg2 Rd4 31. f6 Bf8 32. Re1 Nc4 33. Ng3 Bxg2+ 34.
Rxg2 Qc6 35. Nf5 Rd8 36. Ne7+ Bxe7 37. fxe7 Re8 38. Qf2 Qd5 39. Qf6 h5 40. Kg1
Nd2 41. Rxg6+ fxg6 42. Qxg6+ Kh8 43. Qxe8+ Kh7 44. Qh8+ Kxh8 45. e8=Q+ 1-0

[Event "II Torneo C.V.A. A"]
[Site "Arvier ITA"]
[Date "2005.04.19"]
[Round "2"]
[White "Abergel, Thal"]
[Black "Rombaldoni, Axel"]
[Result "1-0"]
[WhiteElo "2456"]
[BlackElo "2147"]
[PlyCount "75"]
[EventDate "2005.04.18"]

1. e4 c5 2. Nc3 Nc6 3. Bb5 g6 4. Bxc6 dxc6 5. d3 e5 6. Be3 Be6 7. Nge2 Qe7 8.
O-O O-O-O 9. a4 f5 10. f4 exf4 11. Nxf4 Bf7 12. Qf3 Bh6 13. exf5 gxf5 14. Rae1
Qd6 15. Qh3 Qd7 16. Bxc5 Bg7 17. Bxa7 Nf6 18. Qg3 b5 19. Bb6 Ng4 20. Bxd8 Bd4+
21. Kh1 Rg8 22. Bh4 Nf2+ 23. Rxf2 Rxg3 24. Bxg3 Bxf2 25. Bxf2 b4 26. Nd1 Qc7
27. Be3 b3 28. cxb3 Bxb3 29. Nc3 Qd6 30. a5 Kb7 31. Ra1 Ka6 32. d4 Qb4 33. Nd3
Qb8 34. Bf4 Qg8 35. Nc5+ Ka7 36. Re1 Bc4 37. Re7+ Ka8 38. Nd7 1-0

[Event "II Torneo C.V.A. A"]
[Site "Arvier ITA"]
[Date "2005.04.19"]
[Round "2"]
[White "Beccaris, Gabriele"]
[Black "Karl, Hans"]
[Result "1/2-1/2"]
[WhiteElo "2091"]
[BlackElo "2294"]
[PlyCount "75"]
[EventDate "2005.04.18"]

1. e4 e5 2. Nf3 Nc6 3. d4 exd4 4. Bc4 Nf6 5. O-O Bc5 6. e5 d5 7. exf6 dxc4 8.
Re1+ Kf8 9. Bg5 gxf6 10. Bh6+ Kg8 11. Nc3 Bf8 12. Bxf8 Kxf8 13. Nb5 Bg4 14.
Nbxd4 Nxd4 15. Qxd4 Qxd4 16. Nxd4 c5 17. Nb5 a6 18. Nd6 b5 19. Ne4 Kg7 20. Nxc5
Rhd8 21. f3 Bf5 22. Re2 Rd5 23. Ne4 Rad8 24. Rae1 Bxe4 25. fxe4 Re5 26. Kf2 f5
27. exf5 Rxf5+ 28. Kg3 Rfd5 29. a3 Kg6 30. Kf3 h5 31. g4 hxg4+ 32. Kxg4 R8d6
33. Kf3 Kf6 34. Re8 Rd2 35. R1e2 Rd1 36. Rf2 R1d2 37. Ree2 R2d5 38. h4 1/2-1/2

[Event "II Torneo C.V.A. A"]
[Site "Arvier ITA"]
[Date "2005.04.19"]
[Round "2"]
[White "Bjarnason, Oskar"]
[Black "Ziltener, Werner"]
[Result "1-0"]
[WhiteElo "2256"]
[BlackElo "2095"]
[PlyCount "99"]
[EventDate "2005.04.18"]

1. e4 e5 2. Nf3 Nc6 3. Bb5 Nf6 4. O-O Bc5 5. c3 O-O 6. d4 Bb6 7. Bg5 h6 8. Bh4
d6 9. a4 a5 10. Bxc6 bxc6 11. dxe5 dxe5 12. Qxd8 Rxd8 13. Nxe5 Re8 14. Bxf6
gxf6 15. Nc4 Rxe4 16. Nbd2 Re2 17. Nxb6 cxb6 18. Rad1 Ba6 19. Rfe1 Rae8 20. Nf3
Rxe1+ 21. Rxe1 Rxe1+ 22. Nxe1 Bc4 23. Nf3 Bb3 24. Nd2 Bxa4 25. Nc4 Bb5 26. Nxb6
Kf8 27. Nd7+ Ke7 28. Nc5 a4 29. Ne4 Ke6 30. f3 h5 31. h4 Kf5 32. Nd6+ Ke5 33.
Nxf7+ Kd5 34. g4 hxg4 35. fxg4 Be2 36. Nh6 Kc4 37. Kf2 Kd3 38. h5 f5 39. Nf7
Bxg4 40. h6 Kc2 41. h7 Kxb2 42. h8=Q a3 43. c4+ Kb1 44. Qh1+ Kb2 45. Qxc6 a2
46. Qb5+ Kc2 47. Qa4+ Kb2 48. Qb4+ Kc2 49. Qa3 Kb1 50. Qb3+ 1-0

[Event "II Torneo C.V.A. A"]
[Site "Arvier ITA"]
[Date "2005.04.19"]
[Round "2"]
[White "Bonafede, Alessandro"]
[Black "Rombaldoni, Denis"]
[Result "1/2-1/2"]
[WhiteElo "2095"]
[BlackElo "2336"]
[PlyCount "159"]
[EventDate "2005.04.18"]

1. e4 c6 2. d4 d5 3. f3 g6 4. Nc3 Bg7 5. Be3 Qb6 6. Qd2 Qxb2 7. Rb1 Qa3 8. exd5
Nf6 9. dxc6 bxc6 10. Bc4 Nbd7 11. Nge2 Ba6 12. Rb3 Qa5 13. Ne4 Qxd2+ 14. Nxd2
Bc8 15. Bd3 O-O 16. Ne4 Nd5 17. Bd2 f5 18. N4c3 Nxc3 19. Bxc3 Nb6 20. Bb4 Be6
21. Ra3 Rfb8 22. Kf2 Nc4 23. Bxc4 Bxc4 24. Bc5 Rb2 25. Rc3 Bb5 26. a3 e5 27.
dxe5 Bxe5 28. Bd4 Re8 29. Bxe5 Rxe5 30. Nd4 Rd5 31. Nxb5 cxb5 32. Re1 Rd7 33.
Re2 Rb7 34. Rb3 Rxb3 35. cxb3 Kf7 36. Ke3 Re7+ 37. Kd3 Rxe2 38. Kxe2 Ke6 39. g3
Kd5 40. Kd3 g5 41. g4 fxg4 42. fxg4 Ke5 43. Ke3 a5 44. a4 b4 45. Kd3 Kf4 46.
Kc4 Kxg4 47. Kb5 Kh3 48. Kxa5 g4 49. Kxb4 Kxh2 50. a5 g3 51. a6 g2 52. a7 g1=Q
53. a8=Q h5 54. Qh8 Qg4+ 55. Kc5 h4 56. b4 Qf5+ 57. Kc4 Qf1+ 58. Kc5 h3 59. b5
Qf5+ 60. Kc4 Qf7+ 61. Kc5 Qc7+ 62. Kd4 Qf4+ 63. Kc5 Qc1+ 64. Kd6 Qa3+ 65. Kd5
Kg2 66. Qg7+ Qg3 67. Qb2+ Qf2 68. Qg7+ Kh1 69. b6 Qxb6 70. Ke4 Qg1 71. Qh6 h2
72. Kd3 Qg3+ 73. Ke2 Qg4+ 74. Kf2 Qf5+ 75. Ke2 Qe4+ 76. Kf2 Qd4+ 77. Ke2 Qg1
78. Qf4 Qg2+ 79. Ke1 Qg1+ 80. Qf1 1/2-1/2

[Event "II Torneo C.V.A. A"]
[Site "Arvier ITA"]
[Date "2005.04.19"]
[Round "2"]
[White "Bondielli, Giorgio"]
[Black "Cavatorta, Fosco"]
[Result "1-0"]
[WhiteElo "1976"]
[BlackElo "1997"]
[PlyCount "61"]
[EventDate "2005.04.18"]

1. e4 d6 2. d4 Nf6 3. Nc3 g6 4. Bg5 Bg7 5. Nf3 O-O 6. Qd2 Nbd7 7. Bh6 e5 8.
Bxg7 Kxg7 9. h4 a6 10. h5 Nxh5 11. O-O-O f6 12. Be2 Nf4 13. Kb1 g5 14. Rh2 Rf7
15. Bc4 Re7 16. Rdh1 Nf8 17. g3 N4g6 18. Nd5 Re8 19. Ne3 c6 20. Nf5+ Bxf5 21.
exf5 Ne7 22. Nxg5 Nxf5 23. Nxh7 d5 24. g4 Nxd4 25. Nxf8 Kxf8 26. Rh7 Re7 27.
Rh8+ Kf7 28. Rxd8 Rxd8 29. Bd3 Nf3 30. Qa5 e4 31. Qxd8 1-0

[Event "II Torneo C.V.A. A"]
[Site "Arvier ITA"]
[Date "2005.04.19"]
[Round "2"]
[White "Corke, Anya S."]
[Black "Efimov, Igor"]
[Result "1-0"]
[WhiteElo "2138"]
[BlackElo "2458"]
[PlyCount "143"]
[EventDate "2005.04.18"]

1. d4 Nf6 2. Bg5 c5 3. Bxf6 gxf6 4. d5 Qb6 5. Qc1 Bg7 6. c4 f5 7. Nc3 d6 8. e3
Nd7 9. Qc2 Nf6 10. Nf3 Ne4 11. Nd2 Nxc3 12. bxc3 Qa5 13. Rc1 Bd7 14. Bd3 e6 15.
O-O h5 16. f4 Rh6 17. e4 fxe4 18. Bxe4 O-O-O 19. f5 e5 20. Rb1 Rg8 21. Qb2 b6
22. Bd3 e4 23. Nxe4 Be5 24. Kh1 f6 25. Rbc1 Rh7 26. Nd2 Rhg7 27. Rf2 Kc7 28.
Nf3 Rg4 29. Nxe5 dxe5 30. Qd2 b5 31. Be2 Rh4 32. cxb5 Qb6 33. c4 Qd6 34. Rd1
Rg5 35. Qe3 Rd4 36. a4 e4 37. a5 Qe5 38. b6+ axb6 39. axb6+ Kxb6 40. Qb3+ Kc7
41. Rb1 Kd8 42. Qb6+ Ke8 43. Ra1 e3 44. Ra8+ Kf7 45. Qxc5 Qe7 46. Qxd4 exf2 47.
Qxf2 Rxf5 48. Bf3 Qb4 49. c5 Ba4 50. Ra7+ Kg6 51. h3 h4 52. Re7 Bd1 53. Re3 Qd4
54. c6 Bxf3 55. Rxf3 Qa1+ 56. Qg1 Qxg1+ 57. Kxg1 Rxd5 58. Rc3 Rd8 59. c7 Rc8
60. Kf2 Kg5 61. Kf3 Kf5 62. Rc5+ Ke6 63. Kg4 f5+ 64. Kxh4 Kd6 65. Rc3 Ke5 66.
Kg5 Rg8+ 67. Kh6 Rc8 68. Kg6 Ke6 69. h4 f4 70. h5 Rg8+ 71. Kh7 Rc8 72. Kg7 1-0

[Event "II Torneo C.V.A. A"]
[Site "Arvier ITA"]
[Date "2005.04.19"]
[Round "2"]
[White "Di Cio', Enrico"]
[Black "Battistella, Stefano"]
[Result "0-1"]
[WhiteElo "1820"]
[BlackElo "2055"]
[PlyCount "66"]
[EventDate "2005.04.18"]

1. e4 Nf6 2. e5 Nd5 3. d4 d6 4. c4 Nb6 5. f4 dxe5 6. fxe5 Nc6 7. Nf3 Bg4 8. Be3
Bxf3 9. gxf3 e6 10. Nc3 Qh4+ 11. Bf2 Qf4 12. c5 Nd7 13. Bg2 O-O-O 14. Ne2 Qg5
15. Rg1 Nxc5 16. f4 Qf5 17. Bxc6 Nd3+ 18. Kf1 bxc6 19. Rg3 Nxf2 20. Kxf2 Be7
21. Qa4 Qe4 22. Rc1 Bh4 23. Rxc6 Rd7 24. Ra6 c5 25. Rxa7 Rxa7 26. Qxa7 Bxg3+
27. hxg3 cxd4 28. Nxd4 Qb7 29. Qc5+ Qc7 30. Qb4 Rd8 31. Nb5 Qc2+ 32. Kf3 Qd1+
33. Kg2 Rd2+ 0-1

[Event "II Torneo C.V.A. A"]
[Site "Arvier ITA"]
[Date "2005.04.19"]
[Round "2"]
[White "Didoni, Renato"]
[Black "Bruno, Fabio"]
[Result "0-1"]
[WhiteElo "2060"]
[BlackElo "2374"]
[PlyCount "74"]
[EventDate "2005.04.18"]

1. e4 c5 2. f4 Nc6 3. Nf3 d5 4. exd5 Qxd5 5. Nc3 Qd8 6. Bc4 Nf6 7. d3 e6 8. Bd2
Be7 9. O-O O-O 10. Ne2 b6 11. a3 Bb7 12. Ng3 g6 13. Kh1 Qc7 14. Qe2 Nd4 15.
Nxd4 cxd4 16. Rae1 Rfe8 17. c3 Nd5 18. cxd4 Bf6 19. Qf2 Bh4 20. Bb3 Nf6 21. Qe2
Qd6 22. Bc3 Nd5 23. Qg4 Be7 24. f5 Nf6 25. Qg5 Qc6 26. Qd2 exf5 27. Re2 Bf8 28.
Rfe1 Rxe2 29. Rxe2 Rc8 30. Qg5 Bg7 31. h3 Nd5 32. Bd2 Qf6 33. Nf1 Qxd4 34. Bxd5
Qxd5 35. Be3 Qxd3 36. Rf2 Re8 37. Ng3 Qxe3 0-1

[Event "II Torneo C.V.A. A"]
[Site "Arvier ITA"]
[Date "2005.04.19"]
[Round "2"]
[White "Dvirnyy, Danyyil"]
[Black "Ortega, Lexy"]
[Result "0-1"]
[WhiteElo "2120"]
[BlackElo "2439"]
[PlyCount "64"]
[EventDate "2005.04.18"]

1. e4 c5 2. Nf3 e6 3. d4 cxd4 4. Nxd4 a6 5. c4 Qc7 6. Nc3 Nc6 7. Be3 Nf6 8. Bd3
Ne5 9. Rc1 Nfg4 10. Bg5 f6 11. Bh4 Nxd3+ 12. Qxd3 Ne5 13. Qe2 Qxc4 14. Qxc4
Nxc4 15. b3 Ne5 16. O-O b5 17. f4 Nd3 18. Rcd1 Nxf4 19. Rxf4 g5 20. Rxf6 gxh4
21. e5 Bb7 22. Nf3 Rc8 23. Rd3 h3 24. g3 Bb4 25. Ne2 Rc2 26. Nfd4 Rxa2 27. Kf2
Be7 28. Rf4 Bg5 29. Rg4 Rf8+ 30. Nf3 h6 31. Rgd4 Bd8 32. Rd6 Bc7 0-1

[Event "II Torneo C.V.A. A"]
[Site "Arvier ITA"]
[Date "2005.04.19"]
[Round "2"]
[White "Garcia Palermo, Carlos Horacio"]
[Black "De Santis, Alessio"]
[Result "1-0"]
[WhiteElo "2459"]
[BlackElo "2248"]
[PlyCount "69"]
[EventDate "2005.04.18"]

1. d4 f5 2. c4 Nf6 3. Nc3 g6 4. f3 Bg7 5. e4 fxe4 6. fxe4 d6 7. Bg5 c6 8. Nf3
Qa5 9. Bd2 Qb6 10. c5 dxc5 11. e5 Nfd7 12. d5 Nxe5 13. Nxe5 Bxe5 14. Bc4 Qc7
15. O-O b5 16. Bxb5 cxb5 17. Nxb5 Qb6 18. Qe2 Nd7 19. Bc3 Ba6 20. a4 Bxc3 21.
bxc3 Bxb5 22. axb5 c4+ 23. Kh1 Qxb5 24. d6 e5 25. Qf3 Rb8 26. Rxa7 Kd8 27. Rc7
Rb6 28. Rxd7+ Qxd7 29. Qf6+ Kc8 30. Qxh8+ Kb7 31. Ra1 Qa4 32. Qxh7+ Kc6 33.
Qc7+ Kd5 34. Qf7+ Kc6 35. Qe8+ 1-0

[Event "II Torneo C.V.A. A"]
[Site "Arvier ITA"]
[Date "2005.04.19"]
[Round "2"]
[White "Greevenbosch, Cornelis"]
[Black "Rossi, Giampiero"]
[Result "0-1"]
[WhiteElo "1794"]
[BlackElo "2030"]
[PlyCount "78"]
[EventDate "2005.04.18"]

1. e4 c5 2. Nf3 e6 3. d4 cxd4 4. Nxd4 a6 5. c4 Nf6 6. Nc3 Qc7 7. Be3 Nc6 8. Be2
Ne5 9. O-O d6 10. Rc1 Be7 11. f4 Ng6 12. Nb3 Bd7 13. c5 dxc5 14. e5 Ng8 15. Ne4
b6 16. Nd6+ Bxd6 17. exd6 Qd8 18. Bf3 Nf6 19. Bxa8 Qxa8 20. Nd2 O-O 21. b4 Nd5
22. Qb3 Nxb4 23. Nf3 Bb5 24. Rfd1 Nd5 25. Rxd5 Qxd5 26. Rd1 Qxb3 27. axb3 a5
28. Kf2 Rd8 29. Ne5 f6 30. Nc4 Bxc4 31. bxc4 Nf8 32. Kf3 Nd7 33. g4 g6 34. f5
Kf7 35. Ke4 Ne5 36. fxg6+ hxg6 37. g5 Nxc4 38. d7 f5+ 39. Kf3 Ne5+ 0-1

[Event "II Torneo C.V.A. A"]
[Site "Arvier ITA"]
[Date "2005.04.19"]
[Round "2"]
[White "Malano, Francesco"]
[Black "Traversi, Carlo"]
[Result "1-0"]
[WhiteElo "2026"]
[BlackElo "1820"]
[PlyCount "51"]
[EventDate "2005.04.18"]

1. Nf3 Nf6 2. g3 d5 3. Bg2 c6 4. O-O g6 5. b3 Bg7 6. Bb2 O-O 7. d3 Nbd7 8. Nbd2
Re8 9. e4 e5 10. Re1 d4 11. a4 c5 12. Nc4 Nb6 13. Nfxe5 Nxc4 14. Nxc4 Be6 15.
Qe2 Rb8 16. Bc1 Bxc4 17. bxc4 Qd7 18. Bd2 Rbd8 19. Reb1 b6 20. a5 bxa5 21. Rxa5
Rb8 22. Rba1 Bf8 23. Rxa7 Rb7 24. R7a6 Qe7 25. Bg5 Bg7 26. Qf3 1-0

[Event "II Torneo C.V.A. A"]
[Site "Arvier ITA"]
[Date "2005.04.19"]
[Round "2"]
[White "Naumkin, Igor"]
[Black "Vrban, Damir"]
[Result "1-0"]
[WhiteElo "2412"]
[BlackElo "2131"]
[PlyCount "51"]
[EventDate "2005.04.18"]

1. d4 c5 2. d5 f5 3. Nc3 Nf6 4. Qd3 g6 5. e4 fxe4 6. Nxe4 Nxe4 7. Qxe4 d6 8.
Bb5+ Bd7 9. Bxd7+ Qxd7 10. Ne2 Na6 11. O-O O-O-O 12. Nf4 Nc7 13. b4 Qf5 14. Qc4
g5 15. Ne6 Nxe6 16. dxe6 Bg7 17. Rb1 Kb8 18. bxc5 Qxc5 19. Qa4 d5 20. Bxg5 Be5
21. Rb5 Qd6 22. Rfb1 b6 23. Qa6 Bd4 24. R5b4 Rhg8 25. Ra4 b5 26. Rxb5+ 1-0

[Event "II Torneo C.V.A. A"]
[Site "Arvier ITA"]
[Date "2005.04.19"]
[Round "2"]
[White "Orfali, Marcelo Rafael"]
[Black "Lundmark, Giorgio"]
[Result "1-0"]
[WhiteElo "2041"]
[BlackElo "1825"]
[PlyCount "143"]
[EventDate "2005.04.18"]

1. e4 c5 2. Nc3 Nc6 3. Nf3 g6 4. g3 Bg7 5. Bg2 b6 6. O-O Bb7 7. d3 e6 8. Re1
Nge7 9. Bd2 O-O 10. Qc1 Re8 11. Bh6 Bh8 12. e5 d6 13. exd6 Qxd6 14. Ne4 Qd7 15.
Bg5 f5 16. Nf6+ Bxf6 17. Bxf6 Nd5 18. Be5 Nxe5 19. Nxe5 Qc7 20. a3 Nf6 21. Bxb7
Qxb7 22. Nc4 Rad8 23. Qg5 Kg7 24. Qf4 Qb8 25. Ne5 Qc7 26. Re2 Rd4 27. Qf3 Rd5
28. Qf4 Nd7 29. Rae1 Nxe5 30. Rxe5 Rxe5 31. Rxe5 Re7 32. h4 Kf6 33. g4 Kg7 34.
g5 Qd6 35. Rxf5 e5 36. Rf6 exf4 37. Rxd6 Re2 38. b4 cxb4 39. axb4 Rxc2 40. Rd7+
Kg8 41. Rxa7 Rb2 42. Kg2 Rxb4 43. Kf3 Rd4 44. Ke2 b5 45. Rb7 b4 46. Rc7 f3+ 47.
Ke3 Rxh4 48. Kxf3 Rd4 49. Ke3 Rg4 50. f4 Rg1 51. Rb7 Rb1 52. Kd4 Rf1 53. Ke5
Rf3 54. Ke4 Rf1 55. Rxb4 Kf7 56. Rb7+ Ke6 57. Rxh7 Re1+ 58. Kd4 Rf1 59. Rh4 Kf5
60. Kd5 Rf3 61. d4 Ra3 62. Kc6 Ra6+ 63. Kb5 Rd6 64. Kc5 Rd8 65. d5 Ke4 66. d6
Rc8+ 67. Kb6 Kd5 68. d7 Rc6+ 69. Kb7 Rd6 70. Kc7 Rc6+ 71. Kd8 Kd6 72. Ke8 1-0

[Event "II Torneo C.V.A. A"]
[Site "Arvier ITA"]
[Date "2005.04.19"]
[Round "2"]
[White "Renzini, Lorenzo"]
[Black "De Leeuw, Johannes"]
[Result "1/2-1/2"]
[WhiteElo "1736"]
[BlackElo "1983"]
[PlyCount "120"]
[EventDate "2005.04.18"]

1. c4 c5 2. Nc3 Nf6 3. g3 d5 4. cxd5 Nxd5 5. Bg2 e6 6. Nf3 Nc6 7. O-O Be7 8.
Rb1 O-O 9. d3 b6 10. a3 Bb7 11. Bd2 Rc8 12. Na2 Qd7 13. b4 cxb4 14. axb4 b5 15.
Qe1 h6 16. e4 Nb6 17. Rd1 Na4 18. Bc3 Nxc3 19. Qxc3 Nxb4 20. Qb3 Nxa2 21. Qxa2
a6 22. Ne5 Qd6 23. d4 Rc7 24. Qe2 Qb6 25. d5 exd5 26. exd5 Bd6 27. Ng4 Re7 28.
Qd2 f5 29. Ne3 a5 30. Qd3 Bc8 31. Qc2 Bd7 32. Qb1 Bc5 33. d6 Rxe3 34. fxe3
Bxe3+ 35. Kh1 a4 36. Qd3 Kh8 37. Rde1 Bc5 38. Rd1 Rf6 39. Qd5 Rxd6 40. Qf3 b4
41. Rxd6 Qxd6 42. Rd1 Qe7 43. Qd5 Be6 44. Qa8+ Kh7 45. Qxa4 Qf7 46. Qc6 Qe7 47.
Re1 Bd5 48. Rxe7 Bxc6 49. Rc7 Bxg2+ 50. Kxg2 Bd4 51. Rb7 Bc3 52. Kf3 Kg8 53. h3
g6 54. g4 fxg4+ 55. hxg4 Kf8 56. Ke4 Kg8 57. Kd5 h5 58. gxh5 gxh5 59. Kc4 h4
60. Rb5 Kg7 1/2-1/2

[Event "II Torneo C.V.A. A"]
[Site "Arvier ITA"]
[Date "2005.04.19"]
[Round "2"]
[White "Sarno, Spartaco"]
[Black "Pegoraro, Nicola"]
[Result "1-0"]
[WhiteElo "2382"]
[BlackElo "2082"]
[PlyCount "79"]
[EventDate "2005.04.18"]

1. e4 c5 2. Nf3 e6 3. d3 d6 4. g3 Nc6 5. Bg2 Nf6 6. O-O Be7 7. Re1 Qc7 8. c3
O-O 9. d4 e5 10. d5 Nb8 11. Nfd2 Nbd7 12. a4 b6 13. Na3 a6 14. b4 h6 15. Ndc4
Nh7 16. b5 Rd8 17. Qb3 a5 18. Nc2 Nhf8 19. N2e3 Nf6 20. Qd1 Ng6 21. Bd2 Rb8 22.
Qf3 Bf8 23. h4 h5 24. Nf5 Re8 25. Bh3 Bxf5 26. Bxf5 Ne7 27. Bh3 Kh7 28. Qd3 Ng6
29. Bg5 Nd7 30. Qf3 Kg8 31. Qxh5 Be7 32. Bd2 Nf6 33. Qf3 Nf8 34. g4 g6 35. g5
Nh5 36. Bg4 Ng7 37. Qg3 Nh7 38. f4 exf4 39. Bxf4 f6 40. Bxd6 1-0

[Event "II Torneo C.V.A. A"]
[Site "Arvier ITA"]
[Date "2005.04.19"]
[Round "2"]
[White "Siegmund, Rainer"]
[Black "Cebalo, Miso"]
[Result "0-1"]
[WhiteElo "2149"]
[BlackElo "2507"]
[PlyCount "90"]
[EventDate "2005.04.18"]

1. d4 Nf6 2. c4 c5 3. d5 e6 4. Nc3 exd5 5. cxd5 d6 6. e4 g6 7. f4 Bg7 8. Nf3
O-O 9. Be2 Bg4 10. O-O Nbd7 11. Re1 Bxf3 12. Bxf3 Ne8 13. Be3 Rb8 14. Qc2 b5
15. Rad1 Nc7 16. e5 dxe5 17. f5 b4 18. Na4 Nb5 19. fxg6 hxg6 20. Nxc5 Nxc5 21.
Qxc5 Nd6 22. Bc1 a5 23. Kh1 Rc8 24. Qf2 Re8 25. Be4 Nxe4 26. Rxe4 Qd6 27. Ree1
Rc5 28. Qf3 Rd8 29. Bg5 Rd7 30. Qg4 Rxd5 31. Rc1 Rc7 32. Rxc7 Qxc7 33. Rc1 Qd7
34. Qe2 e4 35. Be3 Rd3 36. h3 Bxb2 37. Qxb2 Rxe3 38. Qe5 Rc3 39. Re1 Qf5 40.
Rxe4 Qxe5 41. Rxe5 Ra3 42. Re2 f5 43. Kg1 Kg7 44. Kf1 f4 45. Ke1 Re3 0-1

[Event "II Torneo C.V.A. A"]
[Site "Arvier ITA"]
[Date "2005.04.19"]
[Round "2"]
[White "Straub, Peter"]
[Black "Hecht, Hans-Joachim"]
[Result "0-1"]
[WhiteElo "2112"]
[BlackElo "2384"]
[PlyCount "88"]
[EventDate "2005.04.18"]

1. e4 e5 2. Nf3 Nc6 3. d4 exd4 4. Bc4 Nf6 5. O-O Nxe4 6. Re1 d5 7. Bxd5 Qxd5 8.
Nc3 Qa5 9. Nxe4 Be6 10. Bd2 Qf5 11. Bg5 h6 12. Bh4 Bb4 13. Re2 O-O 14. Nxd4
Nxd4 15. Qxd4 Ba5 16. Nc5 Bb6 17. Qe5 Bxc5 18. Qxf5 Bxf5 19. Re5 Bxf2+ 20. Kxf2
Be6 21. Rd1 Rfe8 22. b3 f6 23. Re3 Kf7 24. Bg3 c6 25. Rde1 Rad8 26. R1e2 g5 27.
h4 Rd1 28. Re1 Rxe1 29. Kxe1 f5 30. hxg5 hxg5 31. Bc7 Rh8 32. Rh3 Rxh3 33. gxh3
Kg6 34. Kf2 Kh5 35. h4 Kxh4 36. c4 Kg4 37. Bb8 a6 38. Bd6 f4 39. Bc7 Bf5 40. a3
Be4 41. b4 Kf5 42. c5 g4 43. Ke2 g3 44. Bd6 f3+ 0-1

[Event "II Torneo C.V.A. A"]
[Site "Arvier ITA"]
[Date "2005.04.19"]
[Round "2"]
[White "Vocaturo, Daniele"]
[Black "Rossi, Aldo A."]
[Result "1-0"]
[WhiteElo "2303"]
[BlackElo "2108"]
[PlyCount "51"]
[EventDate "2005.04.18"]

1. e4 c5 2. Nf3 d6 3. d4 cxd4 4. Nxd4 Nf6 5. Nc3 g6 6. Be3 Bg7 7. f3 Nc6 8. Bc4
O-O 9. Qd2 Bd7 10. O-O-O Rc8 11. Bb3 Ne5 12. Kb1 Re8 13. h4 Qa5 14. g4 Nc4 15.
Bxc4 Rxc4 16. Nb3 Qa6 17. e5 Nxg4 18. fxg4 Bxg4 19. Rdg1 Bxe5 20. h5 Be6 21.
hxg6 hxg6 22. Bd4 Bf5 23. Bxe5 dxe5 24. Qh6 Qf6 25. Qh7+ Kf8 26. Qh8+ 1-0

[Event "II Torneo C.V.A. A"]
[Site "Arvier ITA"]
[Date "2005.04.20"]
[Round "3"]
[White "Bruno, Fabio"]
[Black "Bonafede, Alessandro"]
[Result "1-0"]
[WhiteElo "2374"]
[BlackElo "2095"]
[PlyCount "61"]
[EventDate "2005.04.18"]

1. d4 f5 2. Nf3 Nf6 3. g3 g6 4. Bg2 Bg7 5. O-O O-O 6. c3 d6 7. Qb3+ e6 8. Nbd2
Nc6 9. Re1 Kh8 10. e4 f4 11. Nc4 d5 12. Nce5 fxg3 13. hxg3 Nxe4 14. Nxc6 bxc6
15. Rxe4 dxe4 16. Ng5 Bh6 17. Nxe4 Bxc1 18. Rxc1 Qd5 19. Nc5 Qxb3 20. axb3 Rb8
21. Re1 Rf5 22. Bxc6 Rb6 23. Be4 Rxc5 24. dxc5 Rxb3 25. Ra1 c6 26. Rxa7 Rb7 27.
Ra6 Re7 28. Rxc6 Bb7 29. Rxe6 Rxe6 30. Bxb7 Kg7 31. c6 1-0

[Event "II Torneo C.V.A. A"]
[Site "Arvier ITA"]
[Date "2005.04.20"]
[Round "3"]
[White "Cebalo, Miso"]
[Black "Ronchetti, Niccolo'"]
[Result "1/2-1/2"]
[WhiteElo "2507"]
[BlackElo "2364"]
[PlyCount "135"]
[EventDate "2005.04.18"]

1. d4 d5 2. c4 c6 3. Nf3 Nf6 4. Nc3 dxc4 5. a4 Bf5 6. Nh4 Bc8 7. e3 e5 8. Bxc4
exd4 9. exd4 Be7 10. Nf3 O-O 11. h3 Na6 12. O-O Nc7 13. Qb3 Ncd5 14. Ne5 Qb6
15. Nxd5 Nxd5 16. Bxd5 cxd5 17. Qxd5 Be6 18. Qe4 Rad8 19. Be3 f5 20. Qf4 Bd5
21. Qg3 Qf6 22. f4 Qe6 23. Bd2 Be4 24. Bc3 Qd5 25. Rf2 Rf6 26. Qe3 b6 27. Kh2
Re6 28. Qe2 Qb7 29. Qf1 Bh4 30. Rd2 Be7 31. Re1 a6 32. Rc1 Bd5 33. Qd3 Be4 34.
Qg3 Qd5 35. Qe3 Qb7 36. Qe2 Bd5 37. Qh5 Rf8 38. Qd1 Rd8 39. Re2 Be4 40. Qd2
Red6 41. Qe1 Bf6 42. Nc4 R6d7 43. Ne5 Rd6 44. Qf2 Rc8 45. Ree1 Rcd8 46. Re3 Rc8
47. Rd1 Rcd8 48. Qe2 Rc8 49. d5 Rxd5 50. Rxd5 Bxd5 51. Rd3 Re8 52. Qd2 Be6 53.
Rd6 Bc8 54. Nc6 Bxc3 55. Qxc3 Qc7 56. Qd4 h6 57. Ne5 Re6 58. Rd5 Kh7 59. b4 Re7
60. Rd6 Bb7 61. Qd2 Be4 62. a5 bxa5 63. bxa5 Qb7 64. Qe2 Qc8 65. Qh5 Re6 66.
Rxe6 Qxe6 67. Qe2 Qd6 68. Qf2 1/2-1/2

[Event "II Torneo C.V.A. A"]
[Site "Arvier ITA"]
[Date "2005.04.20"]
[Round "3"]
[White "Corke, Anya S."]
[Black "Naumkin, Igor"]
[Result "0-1"]
[WhiteElo "2138"]
[BlackElo "2412"]
[PlyCount "58"]
[EventDate "2005.04.18"]

1. Nf3 Nf6 2. c4 b6 3. g3 Bb7 4. Bg2 e6 5. O-O Be7 6. d4 O-O 7. Nc3 Ne4 8. Nxe4
Bxe4 9. Ne1 f5 10. b3 Bf6 11. Bb2 c5 12. Bxe4 fxe4 13. Qc2 d5 14. dxc5 Bxb2 15.
Qxb2 bxc5 16. cxd5 exd5 17. Rc1 Qd6 18. Nc2 Nc6 19. Ne3 d4 20. Ng2 d3 21. Nf4
Rxf4 22. gxf4 Nd4 23. Kh1 Nxe2 24. Rg1 Nxg1 25. Rxg1 Qd4 26. Qd2 Rf8 27. Rg5 h6
28. Re5 Rf6 29. h3 Qa1+ 0-1

[Event "II Torneo C.V.A. A"]
[Site "Arvier ITA"]
[Date "2005.04.20"]
[Round "3"]
[White "De Santis, Alessio"]
[Black "Battistella, Stefano"]
[Result "1-0"]
[WhiteElo "2248"]
[BlackElo "2055"]
[PlyCount "59"]
[EventDate "2005.04.18"]

1. d4 Nf6 2. c4 d6 3. Nc3 e5 4. d5 Bf5 5. Nf3 h6 6. h3 g5 7. Nd2 e4 8. Nb3 Nbd7
9. Be3 Bg7 10. g4 Bg6 11. Bg2 O-O 12. Nd4 Ne5 13. b3 Qd7 14. Qd2 c5 15. dxc6
bxc6 16. Rd1 Rfe8 17. Nf5 Bxf5 18. gxf5 Qxf5 19. Qxd6 Rad8 20. Qxd8 Rxd8 21.
Rxd8+ Kh7 22. Rd4 Ng6 23. Nxe4 Nxe4 24. Bxe4 Qa5+ 25. Kf1 Qxa2 26. Rd7 Qxb3 27.
Bd3 a5 28. Rxf7 Qc3 29. Rd7 Qb4 30. Bd4 1-0

[Event "II Torneo C.V.A. A"]
[Site "Arvier ITA"]
[Date "2005.04.20"]
[Round "3"]
[White "Efimov, Igor"]
[Black "Bondielli, Giorgio"]
[Result "1-0"]
[WhiteElo "2458"]
[BlackElo "1976"]
[PlyCount "39"]
[EventDate "2005.04.18"]

1. d4 f5 2. g3 g6 3. h4 Nf6 4. h5 Nxh5 5. e4 Ng7 6. Bd3 e6 7. Nf3 Be7 8. Bh6
O-O 9. Qd2 f4 10. gxf4 d6 11. f5 Rf7 12. Ng5 Bxg5 13. Bxg5 Qe8 14. fxg6 hxg6
15. Rh6 Nc6 16. c3 Ne7 17. Na3 a6 18. O-O-O Nh5 19. Rg1 Rg7 20. Bxe7 1-0